01184nam a22002057a 450000500170000000800410001704000290005804100080008708200140009510000560010924200710016524500620023626000820029830000310038049000430041150004570045450600210091165000210093265000250095320250211154533.0151014n fr ||||fr|||| 00| f fre d cSandra YazodSandra Yazo0 afre 220a843.3 aVogüé, Eugène-Melchiorcvicomte deq1848-191003aEl señor del marcpor el Vizconde Eugène Melchior de Vogüé13aLe maître de la Mercpar le Vte. E. – M. De Vogüé aParís [Francia]bNelson, éditeurs [Nelson, Editores]c[fecha desconocida] a472 páginasc16 x 11 cm.0 aCollection Nelson [Colección Nelson] aDetalles físicos: Encuadernación rígida en cartón forrado en tela. Tapa delantera y lomo con impresos y repujados. Guardas en papel decorado. Hoja de cortesía. Lámina con ilustración en el frontispicio. Portada impresa en una sola tinta enmarcada. Texto impreso en una sola columna. Sobrecubierta de papel con ilustraciones y en mal estado. Ejemplar empieza a desencuadernarse. Papel con manchas en los bordes. Comienza a descuadernarse  aConsulta en sala 7aNovela francesa  7aLiteratura francesa